000 06393nam a22006135a 4500
005 20100823152615.0
010 _aB-413039-072
020 _c295.00
_a8183571999
035 _aB-413039-072
037 _bPUB
082 _a000
245 _aB.Ed. entrance examination:
_cedited by J.K. Chopra; revised by G.S. Mansukhani
_bcomprehensive study material with previous years' solved papers /
260 _aNew Delhi
_bUnique Publishers
_c2009
270 _aM-51, Lajpat Nagar-II
_bNew Delhi
_e110024
300 _aVarious pagings
_c30cm(pbk)
700 _aChopra, J.K.
_9790
700 _aMansukhani,G.S.
_916374
942 _2ddc
_cEN
_mBED
_h000
999 _c35849
_d35849